Komparatívna analýza daňového zaťaženia podnikateľov Slovenskej republiky a Maďarska diplomová práca

Gespeichert in:
Bibliographische Detailangaben
1. Verfasser: Kölesová, Monika
Körperschaft: Fakulta hospodárskej informatiky EU. Katedra účtovníctva a audítorstva
Weitere Verfasser: Baštincová, Anna
Format: Buch
Sprache:Slowakisch
Veröffentlicht: Bratislava 2017
Tags: Tag hinzufügen
Keine Tags, Fügen Sie das erste Tag hinzu!

MARC

LEADER 00000nbm a2200000 4500
001 0230867
005 20180410101709.8
041 0 |a slo 
044 |a SK 
245 1 0 |a Komparatívna analýza daňového zaťaženia podnikateľov Slovenskej republiky a Maďarska  |b diplomová práca  |c Monika Kölesová ; školiteľ: Anna Baštincová 
264 1 |a Bratislava  |c 2017 
300 |a 84 s. 
100 1 |a Kölesová, Monika 
700 1 |a Baštincová, Anna 
710 2 |a Fakulta hospodárskej informatiky EU. Katedra účtovníctva a audítorstva